00807nam a2200205 a 450000100100000000500170001000800410002704000250006808200150009310000400010824501030014826000420025130000280029349000270032150000630034870000280041183000320043995201130047199900170058400004498720201002045803.0150128s1998 dr a 000 0 spa d aDO-SdBNPbspacBNPHU axxxxbxxxx1 aDumas, Alejandro,d1802-1870.9182713aEl conde de montecristo /cAlejandro Dumas ; versión Montse Valbuena ; ilustración A. Centeno. aSanto Domingo :bAlfa & Omega,c1998. a143 p. :bil. ;c24 cm.1 aClásicos universales aIncluye datos biográficos del autor en la contracubierta1 aValbuena, Montse972997 0aClásicos universales9266 0010718PDaPDbPDcCTd2015-01-28iLF1l0oxxxx xxxxp44987-10r2020-06-25w2020-06-25yLFPDZNo se presta c44476d44476